|
|
|
|
| LEADER |
00767cam a2200217 a 4500 |
| 001 |
0000098411 |
| 005 |
20120105090000.0 |
| 040 |
|
|
|a mod
|
| 041 |
|
|
|a eng
|
| 020 |
0 |
0 |
|a 0275974278
|
| 090 |
0 |
0 |
|a 355.033073
|b COR
|e 2008
|
| 100 |
1 |
0 |
|a Cordesman
|h Anthony H.
|
| 245 |
1 |
0 |
|a Terrorism, asymmetric warfare, and weapons of mass destruction
|b defending the U.S. homeland
|c by Anthony H. Cordesman
|
| 260 |
0 |
0 |
|a New Delhi
|b Pentagon Press
|c 2008
|
| 300 |
0 |
0 |
|a x, 448 p.
|c 24 cm
|
| 440 |
0 |
0 |
|a Indian ed.
|
| 500 |
0 |
0 |
|a Includes bibliographical references
|
| 650 |
0 |
0 |
|a Terrorism
|z United States
|x Prevention
|
| 651 |
0 |
0 |
|a United States
|x Defenses
|
| 999 |
|
|
|a 0271398
|b POP TD
|d BOOKS
|e Umum
|f POP TD
|j AVAILABLE
|q GOOD CONDITION
|
| 999 |
|
|
|a 0273657
|b PULADA
|d BOOKS
|e Umum
|f PULADA
|j AVAILABLE
|q GOOD CONDITION
|